| 000 | 00606cam a2200181 4500 | ||
|---|---|---|---|
| 001 | D2609 | ||
| 008 | 090401t1984 xxu||||| |||| 00| 0 eng d | ||
| 035 | _a(Sirsi) u69883 | ||
| 041 | _aeng | ||
| 050 | _a333.330099 | ||
| 110 |
_aCommonwealth Association of Surveying and Land Economy _92570 |
||
| 245 | _aLand and marine resources in the South Pacific: new solutions to problems old and new. Report of the proceedings of a CASE regional seminar held in Suva, Fiji on 22 - 26 October 1984 | ||
| 260 |
_aLondon _bCASLE _c1984 |
||
| 300 | _a171p. 29cm | ||
| 350 | _a0 | ||
| 942 | _n0 | ||
| 948 | _c04/03/1997 | ||
| 999 |
_c95246 _d95246 |
||